Maggior numero di Podi in Formula 1 - Statistics

Statistiche generali
  • Questo quiz è stato fatto 252 volte
  • Il punteggio medio è 14 su 17
Statistiche sulle risposte
Nazione Podi Pilota % Corretto
Regno Unito 202 Lewis Hamilton
100%
Spagna 106 Fernando Alonso
98%
Paesi Bass 117 Max Verstappen
98%
Germania 155 Michael Schumacher
98%
Finlandia 103 Kimi Räikkönen
97%
Brasile 80 Ayrton Senna
96%
Germania 122 Sebastian Vettel
95%
Francia 106 Alain Prost
93%
Finlandia 51 Mika Häkkinen
89%
Austria 54 Niki Lauda
87%
Germania 57 Nico Rosberg
75%
Finlandia 67 Valtteri Bottas
74%
Brasile 60 Nelson Piquet
69%
Brasile 68 Rubens Barrichello
62%
Regno Unito 59 Nigel Mansell
61%
Regno Unito 50 Jenson Button
56%
Regno Unito 62 David Coulthard
31%
Nessun quiz corrispondente trovato
Distribuzione punteggi
Percentuale di utenti per punteggio
Percentile per numero di risposta
I tuoi punteggi nel tempo
Non hai fatto questo quiz